The Great Contest: (Record no. 13123)
[ view plain ]
| 000 -LEADER | |
|---|---|
| fixed length control field | 00950cam a22002771 4500 |
| 001 - CONTROL NUMBER | |
| control field | 9831256 |
| 005 - DATE AND TIME OF LATEST TRANSACTION | |
| control field | 20090914090508.0 |
| 008 - FIXED-LENGTH DATA ELEMENTS--GENERAL INFORMATION | |
| fixed length control field | 720606s1960 nyu | 001 0 eng d |
| 010 ## - LIBRARY OF CONGRESS CONTROL NUMBER | |
| LC control number | 60016203 |
| 015 ## - NATIONAL BIBLIOGRAPHY NUMBER | |
| National bibliography number | GB60-10427 |
| 035 ## - SYSTEM CONTROL NUMBER | |
| System control number | (OCoLC)325639 |
| 040 ## - CATALOGING SOURCE | |
| Original cataloging agency | DLC |
| Transcribing agency | GACCLC |
| Modifying agency | OCoLC |
| -- | Uk |
| -- | DLC |
| 042 ## - AUTHENTICATION CODE | |
| Authentication code | premarc |
| 050 00 - LIBRARY OF CONGRESS CALL NUMBER | |
| Classification number | DK63.3 |
| Item number | .D46 |
| 082 ## - DEWEY DECIMAL CLASSIFICATION NUMBER | |
| Classification number | 327.47 |
| Edition number | 22 |
| Item number | DEU |
| 100 1# - MAIN ENTRY--PERSONAL NAME | |
| Personal name | Deutscher, Isaac, |
| Dates associated with a name | 1907-1967. |
| 9 (RLIN) | 10311 |
| 245 14 - TITLE STATEMENT | |
| Title | The Great Contest: |
| Remainder of title | Russia and the West/ |
| Statement of responsibility, etc | by Isaac Deutscher |
| 260 ## - PUBLICATION, DISTRIBUTION, ETC. (IMPRINT) | |
| Place of publication, distribution, etc | New York: |
| Name of publisher, distributor, etc | Oxford University Press, |
| Date of publication, distribution, etc | 1960 |
| 300 ## - PHYSICAL DESCRIPTION | |
| Extent | 86 p.; |
| Dimensions | 23 cm. |
| 500 ## - GENERAL NOTE | |
| General note | Donated by: Alaa Abdel Ghany |
| 500 ## - GENERAL NOTE | |
| General note | Includes index |
| 650 #0 - SUBJECT ADDED ENTRY--TOPICAL TERM | |
| Topical term or geographic name as entry element | World politics |
| Chronological subdivision | 1955-1965. |
| 9 (RLIN) | 10312 |
| 651 #0 - SUBJECT ADDED ENTRY--GEOGRAPHIC NAME | |
| Geographic name | Soviet Union |
| General subdivision | --Foreign relations |
| Chronological subdivision | --1945-1991 |
| 9 (RLIN) | 10313 |
| 942 ## - ADDED ENTRY ELEMENTS (KOHA) | |
| Source of classification or shelving scheme | Dewey Decimal Classification |
| Item type | Book - Borrowing |
| Withdrawn status | Item status | Source of classification or shelving scheme | Damaged status | Not for loan | Vendor | Home library | Current library | Shelving location | Date acquired | Source of acquisition | Total Checkouts | Full call number | Barcode | Date last seen | Koha item type |
|---|---|---|---|---|---|---|---|---|---|---|---|---|---|---|---|
| Dewey Decimal Classification | Central Library | Central Library | First floor | 13/01/2010 | Donation | 327.47 DEU | 000019350 | 15/07/2025 | Book - Borrowing |